000 00953nam a2200265 i 4500
005 20200104041534.0
008 140306s2001 -Uk||||| |||| 00| 0 eng d
040 _aCO-BoIAVH
_cCO-BoIAVH
041 _aeng
082 0 4 _a363.78
_bG56g
245 0 0 _aGlobal strategy on invasive alien species /
_cedited byJeffrey A. McNeely y (otros cuatro editores más).
260 _aCambridge :
_bIUCN. Global Invasive Species Programme,
_c2001.
300 _a50 páginas ;
_c27 cm.
650 1 4 _aEspecies invasoras
650 2 4 _aPlagas naturalizadas
650 2 4 _aEspecies exóticas
650 2 6 _aManejo de especies invasoras
650 2 4 _aPolítica ambiental
700 _aNeville, Laurie E.,
_eeditor.
700 _aSchei, Peter Johan,
_eeditor.
700 _aWaage, Jeffrey K.,
_eeditor.
700 _aMcNeely, Jeffrey A.
_eeditor.
700 _aMooney, Harold A
_eeditor
942 _cLIBRO
_2ddc
999 _c2603
_d2603